[Event "ITA-ch sf"]
[Site "Spoleto"]
[Date "2019.07.26"]
[Round "7"]
[White "Grimaldi, Angela Flavia"]
[Black "Andolfatto, Maria"]
[Result "1-0"]
[WhiteElo "1956"]
[BlackElo "2034"]
[PlyCount "131"]
[EventDate "2019.07.20"]
[EventType "swiss"]
[EventRounds "9"]
[EventCountry "ITA"]
[SourceTitle "EXT 2020"]
[Source "ChessBase"]
[SourceDate "2019.10.17"]
[SourceVersion "1"]
[SourceVersionDate "2019.10.17"]
[SourceQuality "1"]

1. e4 e5 2. Nf3 Nc6 3. Bc4 Nf6 4. d3 h6 5. c3 d6 6. 0-0 g5 7. Be3 Bg7 8. Bb3 0-0 9. Nbd2 Kh8 10. d4 g4 11. Ne1 Ne7 12. f4 exf4 13. Bxf4 Ng6 14. Nd3 Nh5 15. Nc4 f5 16. e5 Nhxf4 17. Nxf4 Nxf4 18. Rxf4 b5 19. Na5 dxe5 20. dxe5 Qxd1+ 21. Rxd1 Bxe5 22. Rb4 Bd6 23. Rxb5 Bd7 24. Rbd5 Be6 25. R5d2 Bxb3 26. Nxb3 f4 27. Nd4 Rf6 28. Rf1 Raf8 29. Kh1 c5 30. Nb5 Bb8 31. Na3 Re6 32. Nc4 Re4 33. b3 Re6 34. Kg1 Rfe8 35. Rdf2 Kg7 36. h3 h5 37. Rd2 Re2 38. hxg4 Rxd2 39. Nxd2 hxg4 40. Nc4 Re2 41. Rf2 Re1+ 42. Rf1 Rxf1+ 43. Kxf1 Bc7 44. Nd2 Kg6 45. Ke2 Kf5 46. Nf1 Ke4 47. Nd2+ Kd5 48. Kd3 Bd8 49. Nf1 Bh4 50. Nh2 g3 51. c4+ Ke6 52. Nf3 Be7 53. Ke4 Bd6 54. Ng5+ Kf6 55. Nh3 Be5 56. Nxf4 Bd4 57. Ne2 Bf2 58. Kf4 Ke6 59. Nxg3 Be1 60. Ne2 Bd2+ 61. Ke4 a5 62. Nf4+ Kd6 63. g4 Kc6 64. g5 a4 65. bxa4 Kb6 66. g6 1-0

[Event "ITA-ch sf"]
[Site "Spoleto"]
[Date "2019.07.23"]
[Round "4"]
[White "Raccanello, Marianna"]
[Black "Grimaldi, Angela Flavia"]
[Result "1-0"]
[WhiteElo "2067"]
[BlackElo "1956"]
[PlyCount "89"]
[EventDate "2019.07.20"]
[EventType "swiss"]
[EventRounds "9"]
[EventCountry "ITA"]
[SourceTitle "EXT 2020"]
[Source "ChessBase"]
[SourceDate "2019.10.17"]
[SourceVersion "1"]
[SourceVersionDate "2019.10.17"]
[SourceQuality "1"]

1. e4 c5 2. Nf3 g6 3. d4 cxd4 4. Nxd4 Nc6 5. c4 Nf6 6. Nc3 d6 7. Be2 Nxd4 8. Qxd4 Bg7 9. Be3 0-0 10. Qd2 a5 11. 0-0 a4 12. Bd4 Qa5 13. Qe3 Ng4 14. Bxg4 Bxg4 15. Nd5 Qd8 16. Rac1 Bxd4 17. Qxd4 Be6 18. Rfd1 Bxd5 19. cxd5 Qa5 20. Rc3 Rfc8 21. Rdc1 Rxc3 22. Rxc3 b5 23. h4 b4 24. Rc4 Rb8 25. Kh2 f6 26. Qd2 Qb5 27. Qd4 Kg7 28. Rc7 Rb7 29. Rc4 Qa5 30. g4 h6 31. g5 hxg5 32. hxg5 Qd8 33. gxf6+ exf6 34. Rxb4 Qh8+ 35. Kg2 Rxb4 36. Qxb4 Qh4 37. Qxa4 Qg4+ 38. Kf1 Qf3 39. Qd4 g5 40. b4 g4 41. Qe3 Qh1+ 42. Ke2 Qb1 43. a3 Qc2+ 44. Kf1 Qd1+ 45. Kg2 1-0

[Event "ITA-ch sf"]
[Site "Spoleto"]
[Date "2019.07.22"]
[Round "3"]
[White "Grimaldi, Angela Flavia"]
[Black "Gueci, Tea"]
[Result "0-1"]
[WhiteElo "1956"]
[BlackElo "2245"]
[PlyCount "76"]
[EventDate "2019.07.20"]
[EventType "swiss"]
[EventRounds "9"]
[EventCountry "ITA"]
[SourceTitle "EXT 2020"]
[Source "ChessBase"]
[SourceDate "2019.10.17"]
[SourceVersion "1"]
[SourceVersionDate "2019.10.17"]
[SourceQuality "1"]

1. e4 c5 2. Nf3 a6 3. c4 Nc6 4. Nc3 e5 5. d3 d6 6. Be3 g6 7. Be2 Bg7 8. 0-0 Nge7 9. Ne1 0-0 10. f4 exf4 11. Bxf4 h6 12. Nc2 Be6 13. Rb1 Kh7 14. Kh1 Rb8 15. Nd5 b5 16. b3 b4 17. Qe1 Bxd5 18. cxd5 Na7 19. d4 cxd4 20. Bxa6 f5 21. Bd3 Nb5 22. exf5 Nxf5 23. Nxb4 Qd7 24. Nc6 Rbe8 25. Qd2 Nc3 26. Rbe1 Rxe1 27. Rxe1 Nxd5 28. Nb4 Nxf4 29. Qxf4 Be5 30. Qd2 Ne3 31. Nc2 Ng4 32. h3 Nf2+ 33. Kg1 Rf7 34. Re2 Bf4 35. Bb5 Qxb5 36. Nxd4 Nxh3+ 37. Kh1 Qh5 38. g4 Nf2+ 0-1

[Event "ITA-chT (Women) 51st"]
[Site "Brixen Bressanone"]
[Date "2019.04.29"]
[Round "3.3"]
[White "Sirletti, Sonia"]
[Black "Grimaldi, Angela Flavia"]
[Result "1/2-1/2"]
[WhiteElo "1852"]
[BlackElo "1948"]
[PlyCount "172"]
[EventDate "2019.04.28"]
[EventType "team-tourn"]
[EventRounds "7"]
[EventCountry "ITA"]
[SourceTitle "CBM 190 Extra"]
[Source "ChessBase"]
[SourceDate "2019.07.15"]
[SourceVersion "1"]
[SourceVersionDate "2019.07.15"]
[SourceQuality "1"]
[WhiteTeam "Milan Mimosa (W)"]
[BlackTeam "Dolomiti Ninfe (W)"]
[WhiteTeamCountry "ITA"]
[BlackTeamCountry "ITA"]

1. d4 Nf6 2. Nf3 d5 3. e3 g6 4. c4 c6 5. Nc3 Bg7 6. Bd3 0-0 7. 0-0 Nbd7 8. cxd5 Nxd5 9. e4 Nxc3 10. bxc3 e5 11. Be3 Re8 12. Qc2 Qa5 13. Rab1 exd4 14. cxd4 Nf6 15. Ne5 c5 16. Rb5 Qd8 17. Rxc5 Be6 18. Rc1 Bf8 19. Rc7 Bd6 20. Rxb7 Bxe5 21. dxe5 Ng4 22. Bf4 Rc8 23. Qe2 Rxc1+ 24. Bxc1 Qc8 25. Rb1 Nxe5 26. Ba6 Bc4 27. Bxc4 Qxc4 28. Qxc4 Nxc4 29. f3 Ne5 30. Bh6 f6 31. Rb7 Nf7 32. Bf4 Ra8 33. Kf2 a5 34. Rb8+ Rxb8 35. Bxb8 Kf8 36. a4 Nd8 37. Ke3 Ke7 38. Kd3 Kd7 39. Kc4 Kc6 40. Bg3 Ne6 41. Bf2 Nc7 42. Bd4 f5 43. exf5 gxf5 44. Bc3 Nd5 45. Bxa5 Ne3+ 46. Kd4 Nxg2 47. Bd8 Ne1 48. Ke3 Ng2+ 49. Kf2 Nf4 50. a5 Kb5 51. Bb6 Ng6 52. Ke3 Kc6 53. Kd4 Nh4 54. Ke3 Ng6 55. Bd8 Kd7 56. Bg5 Kc6 57. Kd3 Ne5+ 58. Ke2 Nc4 59. Bd2 Kd5 60. a6 Nb6 61. Be3 Na8 62. Kd3 Nc7 63. a7 Na8 64. Kc3 Nc7 65. Kb4 Na8 66. Kb5 Kd6 67. Bf4+ Kd5 68. Ka6 Kc6 69. Bg5 Nc7+ 70. Ka5 Kb7 71. Be3 Ne6 72. Kb5 f4 73. Bf2 Ng5 74. h4 Nxf3 75. Kc4 Nh2 76. Kd3 Ng4 77. Ke2 h5 78. Kf3 Ne5+ 79. Kxf4 Ng6+ 80. Kg5 Nxh4 81. Kxh4 Ka8 82. Kxh5 Kb7 83. Kg6 Ka8 84. Kf7 Kb7 85. Ke6 Ka8 86. Kd7 Kb7 1/2-1/2

[Event "Mitropa Cup (Women)"]
[Site "Balatonszarszo"]
[Date "2017.09.22"]
[Round "6.4"]
[White "Vujnovic, Patricija"]
[Black "Grimaldi, Angela Flavia"]
[Result "1-0"]
[WhiteElo "2121"]
[BlackElo "1799"]
[PlyCount "63"]
[EventDate "2017.09.17"]
[EventType "team-tourn"]
[EventRounds "9"]
[EventCountry "HUN"]
[SourceTitle "CBM 180 Extra"]
[Source "ChessBase"]
[SourceDate "2017.10.06"]
[SourceVersion "1"]
[SourceVersionDate "2017.10.06"]
[SourceQuality "1"]
[WhiteTeam "Croatia (W)"]
[BlackTeam "Italy (W)"]
[WhiteTeamCountry "CRO"]
[BlackTeamCountry "ITA"]

1. Nf3 Nf6 2. e3 g6 3. d4 Bg7 4. c4 c5 5. Nc3 0-0 6. Be2 cxd4 7. exd4 d5 8. 0-0 Nc6 9. Ne5 Bf5 10. Nxc6 bxc6 11. Be3 Ne4 12. Na4 Qa5 13. Rc1 Rac8 14. a3 c5 15. Nxc5 Nxc5 16. b4 Qxa3 17. bxc5 dxc4 18. Rxc4 Qa5 19. Ra4 Qc7 20. Qa1 Qc6 21. Rxa7 Ra8 22. Qa6 Qd5 23. Qb7 Qxb7 24. Rxb7 Rfd8 25. Bf3 Bxd4 26. Bxd4 Rxd4 27. Rxe7 Rc8 28. c6 Kf8 29. Rfe1 Be6 30. Rb7 Rc4 31. h3 Kg7 32. Rxe6 1-0

[Event "Mitropa Cup (Women)"]
[Site "Balatonszarszo"]
[Date "2017.09.18"]
[Round "2.4"]
[White "Grimaldi, Angela Flavia"]
[Black "Mayrhuber, Nikola"]
[Result "0-1"]
[WhiteElo "1799"]
[BlackElo "2117"]
[PlyCount "102"]
[EventDate "2017.09.17"]
[EventType "team-tourn"]
[EventRounds "9"]
[EventCountry "HUN"]
[SourceTitle "CBM 180 Extra"]
[Source "ChessBase"]
[SourceDate "2017.10.06"]
[SourceVersion "1"]
[SourceVersionDate "2017.10.06"]
[SourceQuality "1"]
[WhiteTeam "Italy (W)"]
[BlackTeam "Austria (W)"]
[WhiteTeamCountry "ITA"]
[BlackTeamCountry "AUT"]

1. e4 e6 2. d4 d5 3. Nc3 Nf6 4. e5 Nfd7 5. f4 c5 6. Nf3 Nc6 7. Be3 a6 8. Qd2 b5 9. a3 Qa5 10. Be2 b4 11. Nd1 c4 12. 0-0 Rb8 13. Kh1 Nb6 14. a4 b3 15. c3 h6 16. Qe1 Ne7 17. Nh4 Nf5 18. g4 Nxh4 19. Qxh4 Be7 20. Qg3 Kd7 21. f5 Kc6 22. f6 gxf6 23. exf6 Bd6 24. Bf4 Bxf4 25. Qxf4 Bd7 26. Qe5 Rbg8 27. h4 Nc8 28. Qh5 Nd6 29. Ne3 Qc7 30. Bf3 Kb6 31. a5+ Kb7 32. Qe5 Bc6 33. Rfe1 Ne8 34. Qxc7+ Kxc7 35. Kh2 Nxf6 36. Kh3 Nd7 37. Ng2 Kd6 38. Rad1 Nf8 39. Nf4 Nd7 40. Re3 Nf6 41. Rde1 Bd7 42. Re5 Rg7 43. Rg1 Rhg8 44. Nh5 Nxh5 45. Rxh5 Rg6 46. g5 hxg5 47. Rhxg5 Rxg5 48. Rxg5 Rxg5 49. hxg5 e5+ 50. Kg3 exd4 51. Bd1 Ke5 0-1